| 000 | 00731nam a2200217Ia 4500 | ||
|---|---|---|---|
| 005 | 20220816112518.0 | ||
| 008 | 210716s2009 xx 000 0 und d | ||
| 020 | _a9788126521920 | ||
| 040 | _cAIMIT LIBRARY | ||
| 041 | _aeng | ||
| 082 |
_a574.80285 _23 _bBAXA |
||
| 245 |
_aBioinformatics : _bpractical guide to the analysis of genes and proteins / _cEdited by Andreas D Baxevanis and B F Francis Ouellette. |
||
| 250 | _a3rd ed. | ||
| 260 |
_aNew Delhi : _bWiley India , _c2009. |
||
| 300 |
_axviii,540 _c27 cm. |
||
| 650 |
_aMapping databases _954788 |
||
| 650 |
_aGenomic databases _954789 |
||
| 650 |
_aPhylogenetic analysis _954790 |
||
| 700 |
_aOuellette, B F Francis. _954791 |
||
| 942 |
_2ddc _cBK _e3rd _k574.80285 BAXA |
||
| 999 |
_c190959 _d190959 |
||